Loading...
| Literature - European Literature | 2 | 4 | 0 | 1 | 70 | 67 | 97.33 | 1 | 5 |
| Fine Arts - Auditory Fine Arts | 1 | 5 | 0 | 0 | 65 | 68 | 89.33 | 1 | 4 |
| History - American History | 4 | 0 | 0 | 0 | 60 | 48 | 62.25 | 1 | 4 |
| Fine Arts - Other Fine Arts | 1 | 4 | 0 | 1 | 55 | 66 | 94.80 | 0 | 3 |
| Literature - British Literature | 1 | 4 | 1 | 1 | 50 | 56 | 91.40 | 1 | 2 |
| History - World History | 3 | 1 | 1 | 0 | 50 | 42 | 64.50 | 0 | 4 |
| History - European History | 1 | 3 | 0 | 0 | 45 | 49 | 66.25 | 1 | 4 |
| Literature - American Literature | 1 | 3 | 0 | 0 | 45 | 55 | 93.25 | 0 | 2 |
| Fine Arts - Visual Fine Arts | 1 | 2 | 0 | 0 | 35 | 60 | 92.67 | 1 | 1 |
| Geography | 2 | 0 | 0 | 0 | 30 | 56 | 63.00 | 1 | 2 |
| Religion | 0 | 3 | 1 | 1 | 25 | 70 | 91.67 | 1 | 3 |
| Science - Other Science | 0 | 2 | 0 | 1 | 20 | 125 | 126.00 | 0 | 1 |
| History - Other History | 1 | 1 | 1 | 1 | 20 | 60 | 95.00 | 0 | 1 |
| Social Science | 0 | 2 | 1 | 0 | 15 | 116 | 119.50 | 0 | 0 |
| Other Academic | 1 | 0 | 0 | 0 | 15 | 42 | 42.00 | 0 | 1 |
| Philosophy | 1 | 0 | 1 | 0 | 10 | 72 | 72.00 | 0 | 1 |
| Science - Biology | 0 | 1 | 0 | 1 | 10 | 103 | 103.00 | 0 | 0 |
| Literature - World Literature | 0 | 1 | 1 | 0 | 5 | 77 | 77.00 | 0 | 1 |
| Current Events | 0 | 1 | 1 | 0 | 5 | 104 | 104.00 | 0 | 1 |
| Science - Physics | 0 | 0 | 0 | 0 | 0 | 0.00 | 0 | 0 |